000 00314nam a2200121Ia 4500
005 20260328104258.0
008 260328s9999||||xx |||||||||||||| ||und||
100 _aArosemena, Justo
245 0 _aJusto Arosemena :
_b Vivan los creadores /
_cJusto Arosemena
260 _bEducame
650 _aPANAMÁ
942 _cBK
999 _c10500
_d10500